The Feynman lectures on Physics
Salvato in:
| Autori principali: | , , |
|---|---|
| Natura: | Libro |
| Lingua: | inglese |
| Pubblicazione: |
Reading
Addison-Wesley Publishing Company
1963
|
| Soggetti: | |
| Tags: |
Aggiungi Tag
Nessun Tag, puoi essere il primo ad aggiungerne!!
|
MARC
| LEADER | 00000cam a2200000 a 4500 | ||
|---|---|---|---|
| 001 | UCG7922 | ||
| 003 | CL-VaPUC | ||
| 008 | 111021e19630000US |||||||||||||||||eng|d | ||
| 020 | |a 0201020106v.1 | ||
| 020 | |a 020102117Xv.2 | ||
| 020 | |a 0201021188v.3 | ||
| 082 | 0 | 4 | |a 530 |b FEY |2 21 |
| 100 | 0 | |a Feynman, Richard Phillips |e author |9 340476 | |
| 700 | |a Leighton, Robert B |e author |9 565740 | ||
| 700 | 0 | |a Sands, Matthew |e author |9 558425 | |
| 245 | 1 | 4 | |a The Feynman lectures on Physics |
| 300 | |a v | ||
| 942 | |c BK | ||
| 945 | |d 20111021 00:00:00 |a dcastane | ||
| 260 | |a Reading |b Addison-Wesley Publishing Company |c 1963 | ||
| 500 | |a v.1: Mainly Mechanics, Radiation, and Heat | ||
| 500 | |a v.2: Mainly Electromagnetism and Matter | ||
| 500 | |a v.3: Quantum Mechanics | ||
| 650 | 0 | |a Física |9 227844 | |
| 650 | 0 | |a Ciencias físicas y naturales |9 360507 | |
| 583 | |a last modification |c 20121115 11:47:30 |k Rodrigo Vera | ||
| 999 | |c 345610 |d 345608 | ||
| 952 | |0 0 |1 0 |4 0 |6 530_000000000000000_FEY_1963 |7 0 |8 A |9 444537 |a BIBCUR |b BIBCUR |d 2019-11-22 |h v.2 |i 4792807 |l 3 |m 2 |o 530 FEY 1963 |p 4792807 |r 2025-04-22 |s 2024-11-18 |w 2019-11-22 |y BK |k FIS | ||
| 952 | |0 0 |1 0 |4 0 |6 530_000000000000000_FEY_1963 |7 0 |8 A |9 444538 |a BIBCUR |b BIBCUR |d 2019-11-22 |h v.3 |i 4792815 |l 1 |o 530 FEY 1963 |p 4792815 |r 2025-04-22 |s 2024-10-03 |w 2019-11-22 |y BK |k FIS | ||